000 01101naa a22003017a 4500
001 BR8600842
003 BR-BrBNA
005 20250721154457.0
007 ta
008 250630b bl.|||m| |||| 00| 0 por d
040 _aBR-BrBNA
_bpor
_cBiblioteca Nacional de Agricultura
041 _a(Pt)
072 _aH10
_b0336
_b4020
_b3882
090 _aH10 BR8600842
100 1 _aVillas Boas, G.L.
245 1 _aEficiencia de iscas atrativas para auxiliar o controle de percevejos da soja
246 1 _a[Eficiency of atractive baits to help in the control of soybean bugs]
246 1 _a[Soybean research findings 1984/85]
500 _aResultados de pesquisa de soja 1984/85 Londrina, PR (Brasil): 1985. p. 145-148 (BR8600842-AMS)
773 0 _tResultados de pesquisa de soja 1984/85
_wH10 BR8600842
_gLondrina, PR (Brasil), 1985. p. 145-148
650 _aSOJA
650 _aPERCEVEJO
650 _aISCA
650 _aATRATIVO
490 _aDocumentos - Centro Nacional de Pesquisa de Soja (Brazil)
_vno. 15
_xISSN 0101-5494
942 _cAMS
_2AGRIS
909 _a202506
_bLúcia
_c55
_dLúcia Elande
999 _c335057
_d335057